000 01078ctm a22002651a 4500
003 SA-RiAUC
005 20250115144412.0
007 co uuu---uuauu         
008 250114s2009 su fsbm 0001ubara c
040 _aSA-JeALM
_bara
_cSA-RiAUC
_erda
082 0 4 _a214.59
_qSA-RiAUC
090 _a214.59
_b ا ب ا
100 1 _aأبا حسين، عاصم بن منصور بن محمد
245 1 0 _aنوازل الحيوان
_bدراسة فقهية /
_cإعداد عاصم بن منصور بن محمد أبا حسين
250 _aالطبعة الاولى.
260 _c2009
264 _aالرياض :
_bدار ابن فرحون
_c2010
300 _a520 صفحة.
_c24 سم
502 _bماجستير
_cجامعة الإمام محمد بن سعود الإسلامية
_d1430 هـ.
520 0 _aفي أصول الفقه.
650 7 _aالإسلام والحيوان
_vأقراص مدمجة
_2aucsh
650 7 _aالنوازل (أصول فقه)
_vأقراص مدمجة
_2aucsh
942 _2ddc
_cBOOK
_n0
949 _aSA-JeALM
_d250114
_uosman123
_n1
999 _c4825
_d4825